00894nam a2200229 a 4500001001000000003000400010005001700014008004000031040002500071082001500096100003600111245015200147250001300299260003700312300003400349500004900383590002700432700004400459942001400503952013000517999001700647000026461OSt20201021091210.0110318s1980 dr ab 000 0 spa d aDO-SdBNPbspacBNPHU axxxxbxxxx1 aTejada Castillo, Ramón93758010aGeografía general de américa :b3ro. educación media (1ro. del bachillerato)cRamón Tejada Castillo ; revisión Rafael Antonio González  a7ma. ed. aSanto Domingo :bDisesa, c1989. a208 p. :bil., map. ;c27 cm. a3ro Educación media (1ro del bachillerato) aInventariado, 2020/ YL12aGonzález, Rafael Antonioerev.976975 2ddccLBS1 00102ddc51718PDaBNPHUbBNPHUcCTd2016-10-13eFrancisco Cáceresl0oxxxx xxxxp2020-0194r2020-10-21w2020-10-21yLFPD c48934d48934